Państwa według obrazu satelitarnego #4 - Statystyki

Ogólne statystyki
  • Ten quiz został rozwiązany 7 993 razy
  • Średni wynik to 10 z 16
Statystyki odpowiedzi
Obrazkowy Odpowiedź % Poprawnych
Meksyk
99%
Indie
96%
Szwecja
92%
Dania
89%
Watykan
83%
Tajwan
73%
Korea Południowa
70%
Papua-Nowa Gwinea
68%
Estonia
63%
Szwajcaria
52%
Nikaragua
46%
Kostaryka
45%
Rumunia
39%
Trynidad i Tobago
39%
Azerbejdżan
28%
Boliwia
21%
Nie znaleziono quizów pasujących do podanych kryteriów
Rozkład punktacji
Procent ludzi z każdym wynikiem
Percentyl według liczby udzielonych odpowiedzi
Twoja historia wyników
Nie rozwiązałeś tego quizu